Freshwater phytopharmaceutical compounds / (Record no. 11496)
[ view plain ]
| 000 -LEADER | |
|---|---|
| fixed length control field | 02523nam a2200373Ii 4500 |
| 001 - CONTROL NUMBER | |
| control field | CRC0KE22930PDF |
| 003 - CONTROL NUMBER IDENTIFIER | |
| control field | BD-DhSAU |
| 005 - DATE AND TIME OF LATEST TRANSACTION | |
| control field | 20151012144303.0 |
| 006 - FIXED-LENGTH DATA ELEMENTS--ADDITIONAL MATERIAL CHARACTERISTICS | |
| fixed length control field | m|||||o||d|||||||| |
| 007 - PHYSICAL DESCRIPTION FIXED FIELD--GENERAL INFORMATION | |
| fixed length control field | cr|||| |
| 008 - FIXED-LENGTH DATA ELEMENTS--GENERAL INFORMATION | |
| fixed length control field | 130918s2014 flua ob 001 0 eng d |
| 020 ## - INTERNATIONAL STANDARD BOOK NUMBER | |
| International Standard Book Number | 9781466584563 (ebook : PDF) |
| 040 ## - CATALOGING SOURCE | |
| Original cataloging agency | BD-DhSAU |
| Language of cataloging | eng |
| Transcribing agency | BD-DhSAU |
| Description conventions | rda |
| 090 ## - LOCALLY ASSIGNED LC-TYPE CALL NUMBER (OCLC); LOCAL CALL NUMBER (OCLC) | |
| Classification number (OCLC) (R) ; Classification number, CALL (RLIN) (NR) | RS164 |
| Local cutter number (OCLC) ; Book number/undivided call number, CALL (RLIN) | .R326 2014 |
| 092 ## - LOCALLY ASSIGNED DEWEY CALL NUMBER (OCLC) | |
| Classification number | 615.1 |
| Item number | R172 |
| 100 1# - MAIN ENTRY--PERSONAL NAME | |
| Personal name | Ramesh, Santhanam, |
| Dates associated with a name | 1979- |
| Relator term | author. |
| 245 10 - TITLE STATEMENT | |
| Title | Freshwater phytopharmaceutical compounds / |
| Statement of responsibility, etc. | Santhanam Ramesh, Rajan Rajabalaya, Ramasamy Santhanam. |
| 264 #1 - PRODUCTION, PUBLICATION, DISTRIBUTION, MANUFACTURE, AND COPYRIGHT NOTICE | |
| Place of production, publication, distribution, manufacture | Boca Raton : |
| Name of producer, publisher, distributor, manufacturer | CRC Press, |
| Date of production, publication, distribution, manufacture, or copyright notice | [2014] |
| 300 ## - PHYSICAL DESCRIPTION | |
| Extent | 1 online resource : |
| Other physical details | text file, PDF |
| 336 ## - CONTENT TYPE | |
| Content type term | text |
| Source | rdacontent |
| 337 ## - MEDIA TYPE | |
| Media type term | computer |
| Source | rdamedia |
| 338 ## - CARRIER TYPE | |
| Carrier type term | online resource |
| Source | rdacarrier |
| 504 ## - BIBLIOGRAPHY, ETC. NOTE | |
| Bibliography, etc | Includes bibliographical references and index. |
| 505 0# - FORMATTED CONTENTS NOTE | |
| Formatted contents note | chapter 1. Introduction -- chapter 2. Antimicrobial compounds -- chapter 3. Antiprotozoal compounds -- chapter 4. Antihelmintic compounds -- chapter 5. Antiviral compounds -- chapter 6. Anticancer compounds -- chapter 7. Antioxidant compounds -- chapter 8. Anti-inflammatory and analgesic compounds -- chapter 9. Antidiabetic compounds -- chapter 10. Anticoagulant compounds -- chapter 11. CNS disorders -- chapter 12. Miscellaneous compounds. |
| 520 ## - SUMMARY, ETC. | |
| Summary, etc. | "Freshwater ecosystems are known for their key role as enhancers of oxygen and water quality and providers of habitat and food to the associated fauna. The bioactive compounds or secondary metabolites such as antibiotics, mycotoxins, alkaloids, phenolic compounds and growth compounds have been reported to show various activities ranging from antimicrobial and antiviral to cytotoxicity and immunomodulation. They serve as sources of valuable pharmaceutical compounds in the development of modern drugs. Taking a comprehensive look at freshwater pharmaceutical compounds, this book presents about 120 species of biomedically important aquatic plants and their pharmaceutical compounds"-- |
| Assigning source | Provided by publisher. |
| 530 ## - ADDITIONAL PHYSICAL FORM AVAILABLE NOTE | |
| Additional physical form available note | Also available in print format. |
| 650 #0 - SUBJECT ADDED ENTRY--TOPICAL TERM | |
| Topical term or geographic name as entry element | Materia medica, Vegetable. |
| 650 #0 - SUBJECT ADDED ENTRY--TOPICAL TERM | |
| Topical term or geographic name as entry element | Freshwater plants |
| General subdivision | Therapeutic use. |
| 655 #7 - INDEX TERM--GENRE/FORM | |
| Genre/form data or focus term | Electronic books. |
| Source of term | lcsh |
| 700 1# - ADDED ENTRY--PERSONAL NAME | |
| Personal name | Rajabalaya, Rajan, |
| Relator term | author. |
| 700 1# - ADDED ENTRY--PERSONAL NAME | |
| Personal name | Santhanam, Ramasamy, |
| Dates associated with a name | 1946- |
| Relator term | author. |
| 776 08 - ADDITIONAL PHYSICAL FORM ENTRY | |
| Relationship information | Print version: |
| International Standard Book Number | 9781466584556 (hardback) |
| 856 40 - ELECTRONIC LOCATION AND ACCESS | |
| Uniform Resource Identifier | <a href="http://marc.crcnetbase.com/isbn/9781466584563">http://marc.crcnetbase.com/isbn/9781466584563</a> |
| Electronic format type | application/PDF |
No items available.
